| 000 | 00720nam a22002292 4500 | ||
|---|---|---|---|
| 001 | 0000001021 | ||
| 005 | 20151217161129.0 | ||
| 008 | 070223s xx 000 0 eng d | ||
| 020 |
_a0567083543 : _cKES 3,058 |
||
| 040 |
_aKABU _cKABU |
||
| 050 | 0 |
_aBV2.5 _b.O26 2000 |
|
| 100 | 1 |
_aO'Collins, Gerald. _@0000149515 |
|
| 245 | 1 | 2 |
_aA Concise dictionary of theology / _cGerald O'Collins and Edward G. Farrugia. |
| 250 | _arev. and expanded ed. | ||
| 260 |
_aLondon : _bT & T Clark, _c2000. |
||
| 300 | _axi, 304 p. | ||
| 650 | 0 |
_aTheology _vDictionaries. _@0000148793 |
|
| 700 | 1 |
_aFarrugia, Edward G. _@0000149516 |
|
| 908 | _a070223 | ||
| 950 | _@1 | ||
| 999 |
_c14872 _d14872 |
||